00329nam a2200121Ia 4500008004100000020001800041082001600059245003200075260004500107300000800152546000900160650003800169230312s9999||||xx |||||||||||||| ||und|| a0-521-82194-0 a330.95bINT 0aInternational Business Risk bCambridge University PressaLondonc2003 a474 aEng. aEconomicsvToward 2004, Australia